[Event "VI Open FIDE"]
[Site "Forli' ITA"]
[Date "1993.10.??"]
[Round "1"]
[White "Bartolini, Tommaso"]
[Black "Iotti, Pierluigi"]
[WhiteElo "2095"]
[BlackElo "2300"]
[Result "1/2-1/2"]
[PlyCount "49"]
[EventDate "1993.10.23"]

1. d4 Nf6 2. c4 e6 3. Nc3 Bb4 4. Bg5 d5 5. cxd5 exd5 6. e3 c6 7. Bd3 Nbd7 8.
Nf3 O-O 9. Qc2 Be7 10. O-O Re8 11. Rab1 Nf8 12. h3 Be6 13. b4 a6 14. Ne5 N6d7
15. Bxe7 Qxe7 16. a4 Nxe5 17. dxe5 Bd7 18. f4 f6 19. e4 dxe4 20. Nxe4 fxe5 21.
f5 Red8 22. Rf3 Kh8 23. Qf2 Bc8 24. g4 Rd5 25. g5 1/2-1/2

[Event "VI Open FIDE"]
[Site "Forli' ITA"]
[Date "1993.10.??"]
[Round "1"]
[White "Benvenuti, Carlo"]
[Black "Vezzosi, Paolo"]
[WhiteElo "2081"]
[BlackElo "2280"]
[Result "0-1"]
[PlyCount "86"]
[EventDate "1993.10.23"]

1. Nf3 Nf6 2. b3 g6 3. Bb2 Bg7 4. e3 a5 5. a3 O-O 6. Be2 d6 7. d3 e5 8. Nbd2
Nc6 9. c4 Ne8 10. Qc2 f5 11. O-O g5 12. Ne1 g4 13. Qd1 Qh4 14. g3 Qh3 15. Ng2
Qh6 16. Bc3 Bd7 17. b4 Nf6 18. b5 Ne7 19. a4 Ng6 20. Ra2 b6 21. d4 Rad8 22.
dxe5 dxe5 23. c5 Be6 24. Ra3 Ne4 25. Qc2 Ng5 26. f3 Bd5 27. Bc4 Bxc4 28. Nxc4
Nxf3+ 29. Rxf3 gxf3 30. Ne1 f4 31. exf4 exf4 32. Bxg7 Qxg7 33. Nxf3 fxg3 34.
hxg3 Rf6 35. Re3 Nf4 36. Kf2 Nh5 37. Nce5 Qxg3+ 38. Kf1 Nf4 39. Qb3+ Kh8 40.
cxb6 cxb6 41. Re4 Qg2+ 42. Ke1 Qh1+ 43. Kf2 Nd3+ 0-1

[Event "VI Open FIDE"]
[Site "Forli' ITA"]
[Date "1993.10.??"]
[Round "1"]
[White "Cordara, Michele"]
[Black "Loncar, Robert"]
[WhiteElo "2205"]
[BlackElo "2440"]
[Result "1-0"]
[PlyCount "137"]
[EventDate "1993.10.23"]

1. c4 g6 2. Nc3 Bg7 3. g3 d6 4. Bg2 Nf6 5. d3 O-O 6. e4 e5 7. Nge2 c6 8. O-O
Be6 9. h3 d5 10. b3 dxe4 11. dxe4 Qc8 12. Kh2 Na6 13. Ba3 Rd8 14. Qc1 Qc7 15.
Qb2 Qa5 16. Rad1 Nb4 17. Nc1 Bf8 18. Nb1 Nd7 19. Qd2 Qb6 20. Qc3 a5 21. Bb2 Bc5
22. a3 Bd4 23. Rxd4 exd4 24. Qd2 Na6 25. Bxd4 Qc7 26. Bb2 f6 27. Qc3 Bf7 28. f4
Nac5 29. Rd1 Re8 30. Rd4 Rad8 31. Nd3 Ne6 32. Rxd7 Qxd7 33. Qxf6 Nd4 34. Nc5
Qd6 35. Qxd6 Rxd6 36. Nxb7 Rd7 37. Nxa5 c5 38. e5 Rb8 39. Nd2 Rb6 40. Bxd4 Rxd4
41. Ne4 Ra6 42. Nb7 Rxa3 43. Nbxc5 Ra2 44. g4 Be6 45. Kg3 Bc8 46. Nd6 Ra5 47.
b4 Ra3+ 48. Kh4 Rd2 49. Nxc8 Rxg2 50. Kg5 Rxh3 51. Kf6 Rxg4 52. Ne6 Rb3 53.
Ne7+ Kh8 54. Nd5 Rg1 55. Ng5 h5 56. e6 Re1 57. Nf7+ Kh7 58. Ne5 Ra3 59. Nc7
Rxe5 60. fxe5 Rf3+ 61. Ke7 h4 62. Kd6 h3 63. e7 h2 64. e8=Q h1=Q 65. Nd5 Qa1
66. e6 Ra3 67. Qf7+ Kh6 68. e7 Ra6+ 69. Kc5 1-0

[Event "VI Open FIDE"]
[Site "Forli' ITA"]
[Date "1993.10.??"]
[Round "1"]
[White "Cvitan, Ognjen"]
[Black "Leoncini, Mario"]
[WhiteElo "2550"]
[BlackElo "2250"]
[Result "1-0"]
[PlyCount "83"]
[EventDate "1993.10.23"]

1. Nf3 Nf6 2. c4 e6 3. d4 d5 4. Nc3 Be7 5. Bg5 O-O 6. e3 h6 7. Bh4 b6 8. Be2
Bb7 9. Bxf6 Bxf6 10. cxd5 exd5 11. O-O Nd7 12. b4 c6 13. Qb3 Be7 14. b5 Nf6 15.
bxc6 Bxc6 16. Ba6 Bd6 17. Rfc1 Qe7 18. a4 Rab8 19. Ra2 Rfd8 20. Nb5 Bxb5 21.
Bxb5 Rbc8 22. Rac2 Qe6 23. g3 Rxc2 24. Rxc2 Rc8 25. Nd2 Rc7 26. Rxc7 Bxc7 27.
Qc2 Qd6 28. Nf3 Qe7 29. Qc6 Kh7 30. Qb7 Bd6 31. Qxe7 Bxe7 32. Ne5 Kg8 33. Nc6
Kf8 34. Nxa7 Bd8 35. Nc8 Ne4 36. Bc6 Nc3 37. Kf1 f5 38. Bd7 g6 39. Ke1 Kf7 40.
f3 Kf6 41. Kd2 Na2 42. Bb5 1-0

[Event "VI Open FIDE"]
[Site "Forli' ITA"]
[Date "1993.10.??"]
[Round "1"]
[White "Drei, Andrea"]
[Black "Gaido, Paolo"]
[WhiteElo "2255"]
[BlackElo "1987"]
[Result "1-0"]
[PlyCount "111"]
[EventDate "1993.10.23"]

1. e4 e5 2. Nf3 Nc6 3. Bb5 a6 4. Ba4 Nf6 5. O-O Be7 6. Bxc6 dxc6 7. Qe1 Nd7 8.
d3 O-O 9. Nbd2 f6 10. Nc4 Nc5 11. Ne3 g6 12. Bd2 Ne6 13. g3 Nd4 14. Nxd4 Qxd4
15. Bc3 Qd8 16. Rd1 Bh3 17. Ng2 Bc5 18. Qe2 Qd6 19. d4 exd4 20. Bxd4 Bxd4 21.
Qc4+ Be6 22. Qxd4 Rad8 23. Qxd6 Rxd6 24. Ne3 Rfd8 25. a3 Kf7 26. Rxd6 cxd6 27.
Rd1 Ke7 28. f4 b5 29. Kf2 Rb8 30. c3 a5 31. Ra1 Rb7 32. Ke2 Bb3 33. Kd3 Kf7 34.
h4 Re7 35. Rf1 Bc4+ 36. Nxc4 bxc4+ 37. Kd4 d5 38. Re1 f5 39. e5 Ke6 40. Kc5 Rb7
41. Re2 a4 42. Kxc6 Rb8 43. Rd2 Rd8 44. h5 Rc8+ 45. Kb5 Ra8 46. hxg6 hxg6 47.
Rh2 Ra7 48. Rh6 Rb7+ 49. Kc6 Rg7 50. Rh8 Ra7 51. Re8+ Kf7 52. Kb6 Rd7 53. e6+
Kxe8 54. exd7+ Kxd7 55. Kc5 Ke6 56. Kc6 1-0

[Event "VI Open FIDE"]
[Site "Forli' ITA"]
[Date "1993.10.??"]
[Round "1"]
[White "Godena, Michele"]
[Black "Tocchioni, Doriano"]
[WhiteElo "2505"]
[BlackElo "2235"]
[Result "1/2-1/2"]
[PlyCount "101"]
[EventDate "1993.10.23"]

1. e4 c6 2. d3 d5 3. Nd2 Nf6 4. Ngf3 Bg4 5. h3 Bxf3 6. Qxf3 e6 7. c3 Bd6 8. d4
Nxe4 9. Nxe4 dxe4 10. Qxe4 Nd7 11. Bd3 Nf6 12. Qf3 Qa5 13. O-O Qh5 14. Qxh5
Nxh5 15. g3 Nf6 16. Kg2 a5 17. Bd2 O-O 18. Rad1 Rfd8 19. Bc1 Bc7 20. f4 Rd7 21.
f5 e5 22. dxe5 Bxe5 23. Bc4 Rad8 24. Rxd7 Rxd7 25. Re1 Bc7 26. a4 h6 27. g4 Kf8
28. Kf3 Re7 29. Rxe7 Kxe7 30. h4 Nd7 31. Be2 Nc5 32. g5 hxg5 33. hxg5 Nxa4 34.
Ke4 Nc5+ 35. Kf3 b5 36. Be3 Nd7 37. Ke4 Bb6 38. Bc1 Nc5+ 39. Kf3 f6 40. g6 Bc7
41. Bf1 Be5 42. Ke2 a4 43. Bg2 Nb3 44. Kd1 Na5 45. Kc2 Bd6 46. Bf3 Kd7 47. Bh6
Bf8 48. Bf4 Nc4 49. Be4 Nb6 50. Kd3 Nd5 51. Bd2 1/2-1/2

[Event "VI Open FIDE"]
[Site "Forli' ITA"]
[Date "1993.10.??"]
[Round "1"]
[White "Manouck, Thierry"]
[Black "Lurje, Pawel"]
[WhiteElo "2305"]
[BlackElo "2100"]
[Result "1/2-1/2"]
[PlyCount "104"]
[EventDate "1993.10.23"]

1. c4 g6 2. Nc3 Bg7 3. g3 d6 4. Bg2 c5 5. Rb1 Nc6 6. a3 Bf5 7. d3 Qd7 8. h3 e5
9. b4 Nge7 10. Be3 cxb4 11. axb4 O-O 12. b5 Nd8 13. Nf3 f6 14. Nd5 Be6 15.
Nxe7+ Qxe7 16. O-O d5 17. c5 a6 18. bxa6 Rxa6 19. d4 e4 20. Ne1 Qd7 21. Kh2 Nc6
22. Nc2 Rfa8 23. Nb4 Ra4 24. Nxc6 bxc6 25. Rb8+ Rxb8 26. Qxa4 g5 27. Ra1 h6 28.
Qa7 Rb7 29. Qa8+ Kh7 30. Ra6 Rc7 31. Bd2 f5 32. Ba5 Rc8 33. Qa7 f4 34. Qxd7
Bxd7 35. Ra7 Bf5 36. Bc7 Kg6 37. e3 fxe3 38. fxe3 g4 39. h4 h5 40. Bf1 Bh6 41.
Ba6 Rf8 42. Bf4 Bxf4 43. gxf4 Rf7 44. Ra8 Rc7 45. Kg3 Kg7 46. Rb8 Bd7 47. Rb6
Kf6 48. Bb7 Be8 49. Kf2 Bd7 50. Kg2 Be8 51. Kg3 Bd7 52. Ba8 Kg6 1/2-1/2

[Event "VI Open FIDE"]
[Site "Forli' ITA"]
[Date "1993.10.??"]
[Round "1"]
[White "Nemet, Ivan"]
[Black "Ubezio, Marco"]
[WhiteElo "2410"]
[BlackElo "2200"]
[Result "1-0"]
[PlyCount "69"]
[EventDate "1993.10.23"]

1. d4 c5 2. e4 cxd4 3. c3 Nf6 4. e5 Nd5 5. Nf3 e6 6. cxd4 b6 7. Bg5 f6 8. exf6
gxf6 9. Bd2 Bd6 10. Nc3 Nxc3 11. bxc3 Qe7 12. Be2 Ba6 13. c4 Bb4 14. O-O Bxd2
15. Qxd2 O-O 16. Rfe1 Rc8 17. d5 e5 18. Rac1 d6 19. Nh4 Rc5 20. Rc3 Qf8 21. Bg4
Bc8 22. Bxc8 Rxc8 23. Rg3+ Kh8 24. Rh3 Qf7 25. Nf5 Rd8 26. Rh6 Na6 27. Re4 Rac8
28. Rg4 Nc5 29. h3 Rd7 30. Rhh4 Rf8 31. Rg3 Nb7 32. Rhg4 Qh5 33. Qh6 Qxh6 34.
Nxh6 Rdd8 35. Rg8+ 1-0

[Event "VI Open FIDE"]
[Site "Forli' ITA"]
[Date "1993.10.??"]
[Round "1"]
[White "Payen, Arnaud"]
[Black "De Gregorio, Massimiliano"]
[WhiteElo "2285"]
[BlackElo "2070"]
[Result "1-0"]
[PlyCount "119"]
[EventDate "1993.10.23"]

1. e4 e5 2. Nf3 Nf6 3. d4 Nxe4 4. Bd3 d5 5. Nxe5 Bd6 6. O-O O-O 7. c4 Bxe5 8.
dxe5 Nc6 9. cxd5 Qxd5 10. Qc2 Nb4 11. Bxe4 Nxc2 12. Bxd5 Bf5 13. g4 Bxg4 14.
Be4 Nxa1 15. Bf4 f5 16. Bd5+ Kh8 17. Na3 Rad8 18. Bxb7 Rd1 19. Rxd1 Bxd1 20.
Bc6 g5 21. Bd2 Rd8 22. Bc3 Bh5 23. e6+ Kg8 24. e7 Rd1+ 25. Kg2 f4 26. e8=Q+
Bxe8 27. Bxe8 Rc1 28. Bh5 Kf8 29. Nb5 Nc2 30. Nxc7 Ne1+ 31. Kh3 h6 32. Kg4 Nd3
33. f3 Ke7 34. Bg6 Nf2+ 35. Kh5 Rh1 36. Kxh6 g4 37. fxg4 Rxh2+ 38. Kg7 Nxg4 39.
Nd5+ Kd6 40. Nxf4 Ne3 41. Nd3 Kd5 42. Bf7+ Ke4 43. Nc5+ Kf3 44. Bb3 Ke2 45. Kf6
Nd1 46. Bxd1+ Kxd1 47. Ke5 Kc2 48. Kd5 Kb1 49. a4 Ka2 50. Kc4 Rh6 51. a5 a6 52.
Bd4 Rg6 53. b4 Ka3 54. b5 axb5+ 55. Kxb5 Rh6 56. Nd7 Rh7 57. Kc6 Kb4 58. a6 Ka5
59. a7 Rh6+ 60. Bf6 1-0

[Event "VI Open FIDE"]
[Site "Forli' ITA"]
[Date "1993.10.??"]
[Round "1"]
[White "Zelcic, Robert"]
[Black "Turci, Stefano"]
[WhiteElo "2450"]
[BlackElo "2230"]
[Result "1-0"]
[PlyCount "83"]
[EventDate "1993.10.23"]

1. e4 e6 2. d4 d5 3. Nc3 Bb4 4. e5 c5 5. a3 Bxc3+ 6. bxc3 Qc7 7. Nf3 b6 8. Bb5+
Bd7 9. Be2 Ba4 10. dxc5 bxc5 11. O-O Ne7 12. c4 Nd7 13. Re1 O-O 14. Bd3 h6 15.
cxd5 Nxd5 16. Qe2 Nc3 17. Qd2 Nd5 18. c4 Ne7 19. Qf4 Ng6 20. Qg3 Rfd8 21. Bxh6
Ndf8 22. Bxg6 fxg6 23. Be3 Rd3 24. Nh4 Kh7 25. Qh3 Kg8 26. Qg3 Kh7 27. Qg5 Be8
28. Qf4 Ba4 29. Rab1 Rxa3 30. Qe4 Bc6 31. Qg4 Be8 32. Red1 Rc8 33. Rd6 a5 34.
Qf3 Bc6 35. Qh3 Be4 36. Nxg6+ Kg8 37. Nxf8 Bxb1 38. Qxe6+ Kxf8 39. Rd7 Qxd7 40.
Qxd7 Rc6 41. Qxc6 Be4 42. Qxc5+ 1-0

[Event "VI Open FIDE"]
[Site "Forli' ITA"]
[Date "1993.10.??"]
[Round "2"]
[White "Caposciutti, Maurizio"]
[Black "Zelcic, Robert"]
[WhiteElo "2315"]
[BlackElo "2450"]
[Result "0-1"]
[PlyCount "68"]
[EventDate "1993.10.23"]

1. e4 Nf6 2. Nc3 d5 3. e5 Ne4 4. Nce2 d4 5. c3 Nc6 6. Nxd4 Nxd4 7. Qa4+ c6 8.
Qxd4 Qxd4 9. cxd4 Ng5 10. Bc4 Bf5 11. d3 Ne6 12. Be3 Nc7 13. Ke2 e6 14. Nf3 Bg4
15. h3 Bxf3+ 16. Kxf3 Bb4 17. g4 Ba5 18. a4 O-O-O 19. Ke4 Rd7 20. Rhc1 Rhd8 21.
Ba2 Bb6 22. Rc4 f6 23. Rd1 a5 24. b4 Nd5 25. b5 Kc7 26. bxc6 bxc6 27. Rb1 fxe5
28. Kxe5 Rf7 29. Ke4 Kd7 30. f4 g5 31. fxg5 Rdf8 32. Rxb6 Nxb6 33. Rc1 Nd5 34.
h4 Kd6 0-1

[Event "VI Open FIDE"]
[Site "Forli' ITA"]
[Date "1993.10.??"]
[Round "2"]
[White "Ciotoli, Patrizio"]
[Black "Nemet, Ivan"]
[WhiteElo "1914"]
[BlackElo "2410"]
[Result "0-1"]
[PlyCount "64"]
[EventDate "1993.10.23"]

1. e4 c5 2. Nc3 Nc6 3. f4 e6 4. Nf3 Nf6 5. d3 d6 6. Be2 Be7 7. O-O O-O 8. Qe1
d5 9. e5 Nd7 10. Bd1 f6 11. exf6 Nxf6 12. Ng5 Qd6 13. Nb5 Qd7 14. f5 exf5 15.
Bf4 h6 16. Nh3 a6 17. Nc3 Nd4 18. Be5 Bd6 19. Bxd4 cxd4 20. Nb1 Qc7 21. g3 Bd7
22. Nd2 Rae8 23. Qf2 Ng4 24. Bxg4 fxg4 25. Nf4 g5 26. Nxd5 Rxf2 27. Nxc7 Rxf1+
28. Rxf1 Bxc7 29. Ne4 Be5 30. Nf6+ Bxf6 31. Rxf6 Re1+ 32. Kf2 Re6 0-1

[Event "VI Open FIDE"]
[Site "Forli' ITA"]
[Date "1993.10.??"]
[Round "2"]
[White "De Gregorio, Massimiliano"]
[Black "Wagman, Stuart"]
[WhiteElo "2070"]
[BlackElo "2225"]
[Result "0-1"]
[PlyCount "84"]
[EventDate "1993.10.23"]

1. e4 e5 2. Nf3 Nc6 3. Bb5 Nf6 4. O-O Nxe4 5. d4 Nd6 6. Bxc6 dxc6 7. dxe5 Nf5
8. Qxd8+ Kxd8 9. b3 a5 10. Ba3 Be6 11. Ng5 Ke8 12. Bxf8 Kxf8 13. Nxe6+ fxe6 14.
Rd1 Ke7 15. g4 Nh4 16. Nd2 Rhd8 17. Nc4 Rxd1+ 18. Rxd1 b5 19. Ne3 Nf3+ 20. Kg2
Nxe5 21. f4 Nf7 22. Kf3 a4 23. h4 Nd6 24. Rd2 axb3 25. axb3 c5 26. c4 Ra3 27.
cxb5 Rxb3 28. Rc2 Rxb5 29. f5 exf5 30. gxf5 Kf6 31. Nd5+ Kxf5 32. Nxc7 Rb3+ 33.
Kg2 c4 34. Rf2+ Ke5 35. Re2+ Ne4 36. Ne6 Kxe6 37. Rxe4+ Kd5 38. Re7 Rb6 39. Kf3
Rg6 40. Ra7 Rf6+ 41. Kg4 c3 42. Rd7+ Rd6 0-1

[Event "VI Open FIDE"]
[Site "Forli' ITA"]
[Date "1993.10.??"]
[Round "2"]
[White "Efimov, Igor"]
[Black "Payen, Arnaud"]
[WhiteElo "2490"]
[BlackElo "2285"]
[Result "1-0"]
[PlyCount "47"]
[EventDate "1993.10.23"]

1. Nf3 d5 2. d4 c6 3. e3 Nf6 4. Bd3 Bg4 5. c4 e6 6. Qb3 Qb6 7. Ne5 Bh5 8. c5
Qc7 9. Nc3 Bg6 10. e4 Bxe4 11. Bxe4 dxe4 12. Bf4 Nh5 13. Be3 Nf6 14. g4 Bxc5
15. dxc5 Qxe5 16. Qxb7 O-O 17. O-O-O Nd5 18. Nxd5 exd5 19. Rd4 Qe6 20. Qxa8
Qxg4 21. Qxa7 Nd7 22. Rhd1 Ne5 23. Qe7 Nf3 24. Rb4 1-0

[Event "VI Open FIDE"]
[Site "Forli' ITA"]
[Date "1993.10.??"]
[Round "2"]
[White "Leoncini, Mario"]
[Black "Rodighiero, Giuseppe"]
[WhiteElo "2250"]
[BlackElo "2190"]
[Result "1/2-1/2"]
[PlyCount "87"]
[EventDate "1993.10.23"]

1. e4 c6 2. d4 d5 3. Nd2 dxe4 4. Nxe4 Bf5 5. Ng3 Bg6 6. h4 h6 7. Nf3 Nd7 8. h5
Bh7 9. Bd3 Bxd3 10. Qxd3 Qc7 11. Bd2 e6 12. O-O-O Ngf6 13. c4 O-O-O 14. Bc3 c5
15. Qe2 cxd4 16. Nxd4 a6 17. Kb1 Bd6 18. Ne4 Nxe4 19. Qxe4 Nf6 20. Qe2 Bc5 21.
Nb3 Qc6 22. Nxc5 Qxc5 23. g4 Qc6 24. f3 Rxd1+ 25. Rxd1 Rd8 26. Rd3 Rxd3 27.
Qxd3 Ne8 28. Ba5 b6 29. Bb4 Qd7 30. Qxd7+ Kxd7 31. Bf8 e5 32. g5 hxg5 33. Bxg7
Ke6 34. h6 Nf6 35. Bxf6 Kxf6 36. Kc2 a5 37. Kd3 Kg6 38. Ke4 f6 39. b3 Kxh6 40.
a3 Kg6 41. b4 axb4 42. axb4 Kf7 43. Kf5 Ke7 44. c5 1/2-1/2

[Event "VI Open FIDE"]
[Site "Forli' ITA"]
[Date "1993.10.??"]
[Round "2"]
[White "Loncar, Robert"]
[Black "Bartolini, Tommaso"]
[WhiteElo "2440"]
[BlackElo "2095"]
[Result "1-0"]
[PlyCount "49"]
[EventDate "1993.10.23"]

1. e4 c6 2. d4 d5 3. Nc3 dxe4 4. Nxe4 Nf6 5. Nxf6+ gxf6 6. c3 Bf5 7. Nf3 e6 8.
g3 Bd6 9. Bg2 Nd7 10. O-O Qc7 11. a4 Bg4 12. Qe1 Bxf3 13. Bxf3 h5 14. b4 h4 15.
c4 Rg8 16. Bg2 Rg4 17. c5 Be7 18. Be3 O-O-O 19. b5 Rdg8 20. a5 f5 21. a6 f4 22.
b6 Nxb6 23. cxb6 Qxb6 24. axb7+ Kb8 25. h3 1-0

[Event "VI Open FIDE"]
[Site "Forli' ITA"]
[Date "1993.10.??"]
[Round "2"]
[White "Lurje, Pawel"]
[Black "Godena, Michele"]
[WhiteElo "2100"]
[BlackElo "2505"]
[Result "0-1"]
[PlyCount "94"]
[EventDate "1993.10.23"]

1. e4 e5 2. Nf3 Nc6 3. Nc3 Nf6 4. Bb5 Bb4 5. d3 Nd4 6. Ba4 c6 7. Bd2 Nxf3+ 8.
Qxf3 d6 9. O-O Be6 10. Bb3 a5 11. Qe2 Qe7 12. h3 Nd7 13. f4 f6 14. Rae1 O-O 15.
Nd1 Bc5+ 16. Kh2 a4 17. Bxe6+ Qxe6 18. a3 exf4 19. Bxf4 f5 20. Bg3 fxe4 21.
Qxe4 Qxe4 22. Rxf8+ Rxf8 23. Rxe4 Rf1 24. Re1 Rxe1 25. Bxe1 d5 26. Bg3 Kf7 27.
Bf4 Ke6 28. g4 b5 29. Kg3 Bd4 30. Kf3 g6 31. Bd2 h5 32. gxh5 gxh5 33. Bc3 Bxc3
34. Nxc3 Kf5 35. Ne2 Ke5 36. Kg3 d4 37. Kh4 Nf6 38. Kg5 c5 39. h4 c4 40. Nc1
Nd5 41. Kxh5 Kf4 42. Kg6 Ke3 43. Kf5 Kd2 44. Ke5 Kxc1 45. Kxd4 Kxb2 46. dxc4 b4
47. cxd5 bxa3 0-1

[Event "VI Open FIDE"]
[Site "Forli' ITA"]
[Date "1993.10.??"]
[Round "2"]
[White "Mailfert, Jean-Pierre"]
[Black "Lagrotteria, Salvatore"]
[WhiteElo "2115"]
[BlackElo "2230"]
[Result "0-1"]
[PlyCount "40"]
[EventDate "1993.10.23"]

1. d4 d5 2. Nf3 Nf6 3. g3 e6 4. Bg2 Be7 5. O-O Nbd7 6. Nbd2 c5 7. b3 O-O 8. Bb2
b5 9. Ne5 Qc7 10. c4 bxc4 11. Ndxc4 Rb8 12. Nxd7 Nxd7 13. Nd2 cxd4 14. Bxd4 Ba3
15. Qb1 Ba6 16. Re1 Rfc8 17. Bb2 Bb4 18. Qd1 Qc2 19. Bc1 Qxd1 20. Rxd1 Bc3 0-1

[Event "VI Open FIDE"]
[Site "Forli' ITA"]
[Date "1993.10.??"]
[Round "2"]
[White "Novikov, Igor A."]
[Black "Trevisani, Bruno"]
[WhiteElo "2545"]
[BlackElo "2320"]
[Result "1-0"]
[PlyCount "35"]
[EventDate "1993.10.23"]

1. d4 g6 2. e4 Bg7 3. c4 d6 4. Nc3 c6 5. Be3 a6 6. a4 a5 7. Bd3 Nf6 8. f3 e5 9.
Nge2 Na6 10. Rc1 O-O 11. O-O Nb4 12. Bb1 Qe7 13. Qd2 Nd7 14. Rcd1 exd4 15. Bxd4
Nc5 16. Bxg7 Kxg7 17. f4 f6 18. Qxd6 1-0

[Event "VI Open FIDE"]
[Site "Forli' ITA"]
[Date "1993.10.??"]
[Round "2"]
[White "Pieri, Filippo"]
[Black "Benvenuti, Carlo"]
[WhiteElo "2215"]
[BlackElo "2081"]
[Result "1-0"]
[PlyCount "49"]
[EventDate "1993.10.23"]

1. e4 d6 2. d4 Nf6 3. Nc3 c6 4. f4 Qa5 5. Bd3 e5 6. Nf3 Bg4 7. Be3 Nbd7 8. O-O
Be7 9. h3 Bh5 10. Qe1 Bxf3 11. Rxf3 Nh5 12. fxe5 dxe5 13. Bc4 Nhf6 14. Qg3 exd4
15. Bxd4 Bc5 16. Rd1 Qb6 17. Na4 Bxd4+ 18. Kh1 Qa5 19. Rxd4 Qe5 20. Bxf7+ Kf8
21. Qf2 Rd8 22. Bb3 c5 23. Rd5 Qxe4 24. Rxd7 Rxd7 25. Rxf6+ 1-0

[Event "VI Open FIDE"]
[Site "Forli' ITA"]
[Date "1993.10.??"]
[Round "2"]
[White "Tatai, Stefano"]
[Black "Drei, Andrea"]
[WhiteElo "2440"]
[BlackElo "2255"]
[Result "1-0"]
[PlyCount "65"]
[EventDate "1993.10.23"]

1. Nf3 Nf6 2. d4 e6 3. c4 b6 4. g3 Bb7 5. Bg2 Be7 6. Nc3 Ne4 7. Bd2 f5 8. d5
Bf6 9. Rc1 exd5 10. cxd5 c5 11. O-O O-O 12. Bf4 Re8 13. Nxe4 fxe4 14. Nd2 Bxd5
15. Nxe4 Bxe4 16. Bxe4 Nc6 17. Bg2 Qe7 18. e3 Rac8 19. Bd6 Qd8 20. Rc2 Kh8 21.
Rd2 Ne5 22. Bxe5 Bxe5 23. f4 Bb8 24. Rxd7 Qf6 25. Qd2 Qe6 26. e4 Qxa2 27. Qc3
Qg8 28. e5 Qe6 29. Rfd1 b5 30. Be4 Bc7 31. Qf3 Bb6 32. Qh5 h6 33. R1d6 1-0

[Event "VI Open FIDE"]
[Site "Forli' ITA"]
[Date "1993.10.??"]
[Round "2"]
[White "Tocchioni, Doriano"]
[Black "Manouck, Thierry"]
[WhiteElo "2235"]
[BlackElo "2305"]
[Result "1-0"]
[PlyCount "113"]
[EventDate "1993.10.23"]

1. d4 d6 2. Nf3 Nf6 3. Bg5 Nbd7 4. Nbd2 h6 5. Bf4 g5 6. Bg3 Nh5 7. c3 Bg7 8. e3
b6 9. Qc2 Bb7 10. Be2 e6 11. O-O-O Qe7 12. Ne1 Nxg3 13. hxg3 O-O-O 14. Bf3 c5
15. Qa4 a6 16. Nd3 Kb8 17. Kb1 Rc8 18. Bxb7 Kxb7 19. dxc5 Nxc5 20. Nxc5+ Rxc5
21. Ne4 Rc6 22. Qb4 Rd8 23. g4 Qc7 24. Nd2 d5 25. Qb3 Ka7 26. Rc1 Rc8 27. Qc2
b5 28. Qh7 Qe5 29. Nf3 Qf6 30. Qd3 Rc4 31. Nd4 R8c7 32. f3 Bf8 33. Rhf1 Bd6 34.
Rf2 Rc8 35. Rfc2 R4c7 36. Nb3 Be5 37. Nd4 Qh8 38. a3 h5 39. Rh1 h4 40. Ne2 Qf6
41. Rf1 Rc4 42. Nd4 Bd6 43. Ka2 Ra4 44. Rcf2 Rac4 45. Rd2 Bc7 46. Rdd1 Bb6 47.
Rh1 Rg8 48. Rh3 Kb7 49. Rdh1 Bc7 50. Nb3 Qg6 51. Qxg6 Rxg6 52. Kb1 Kb6 53. Kc2
Rg8 54. Nd4 Bb8 55. Kd3 a5 56. Nc2 e5 57. Rd1 1-0

[Event "VI Open FIDE"]
[Site "Forli' ITA"]
[Date "1993.10.??"]
[Round "2"]
[White "Vezzosi, Paolo"]
[Black "Arlandi, Ennio"]
[WhiteElo "2280"]
[BlackElo "2440"]
[Result "1-0"]
[PlyCount "79"]
[EventDate "1993.10.23"]

1. e4 c5 2. Nf3 e6 3. d4 cxd4 4. Nxd4 d6 5. c4 Nf6 6. Nc3 a6 7. Bd3 Be7 8. O-O
O-O 9. b3 Qc7 10. Bb2 b6 11. f4 Nbd7 12. Qf3 g6 13. Rae1 e5 14. Nde2 Nc5 15.
Bb1 b5 16. b4 Bg4 17. Qe3 Bxe2 18. Qxe2 Ncd7 19. cxb5 axb5 20. Bd3 exf4 21.
Bxb5 g5 22. Bxd7 Nxd7 23. Nd5 Qa7+ 24. Kh1 Ne5 25. h4 f6 26. a4 Bd8 27. a5 Qg7
28. hxg5 fxg5 29. Qh5 Rc8 30. Rc1 Rxc1 31. Rxc1 g4 32. Rf1 Qg5 33. Qxg5+ Bxg5
34. Bxe5 dxe5 35. b5 Kf7 36. b6 Be7 37. Rc1 Ke6 38. a6 f3 39. gxf3 gxf3 40.
Nxe7 1-0

[Event "VI Open FIDE"]
[Site "Forli' ITA"]
[Date "1993.10.??"]
[Round "3"]
[White "Arlandi, Ennio"]
[Black "Ubezio, Marco"]
[WhiteElo "2440"]
[BlackElo "2200"]
[Result "1-0"]
[PlyCount "99"]
[EventDate "1993.10.23"]

1. d4 c5 2. d5 Nf6 3. c4 d6 4. Nc3 g6 5. e4 Bg7 6. Nf3 e6 7. h3 exd5 8. cxd5
O-O 9. Bd3 b5 10. Nxb5 Nxe4 11. Bxe4 Re8 12. Nd2 Ba6 13. a4 f5 14. O-O fxe4 15.
Re1 Bxb5 16. axb5 e3 17. Rxe3 Rxe3 18. fxe3 Nd7 19. Ra6 Qh4 20. Nf3 Qg3 21. Qe1
Qxe1+ 22. Nxe1 Nb6 23. Nd3 Nxd5 24. Rxd6 Nb4 25. Nxb4 cxb4 26. Bd2 Bxb2 27.
Bxb4 Be5 28. Rd5 Bg3 29. Bc5 a5 30. b6 Rb8 31. Kf1 a4 32. Ke2 a3 33. Rd3 a2 34.
Ra3 Rc8 35. Bd4 Rc2+ 36. Kf3 Bd6 37. Ra7 Rd2 38. b7 h5 39. Ra8+ Kf7 40. Bh8 g5
41. b8=Q g4+ 42. hxg4 hxg4+ 43. Kxg4 Rxg2+ 44. Kf3 Rg3+ 45. Kf2 Bxb8 46. Rxb8
Rh3 47. Bd4 Ke6 48. Ra8 Rh2+ 49. Kg3 Rc2 50. Ra5 1-0

[Event "VI Open FIDE"]
[Site "Forli' ITA"]
[Date "1993.10.??"]
[Round "3"]
[White "Bartolini, Tommaso"]
[Black "Mailfert, Jean-Pierre"]
[WhiteElo "2095"]
[BlackElo "2115"]
[Result "0-1"]
[PlyCount "98"]
[EventDate "1993.10.23"]

1. d4 d5 2. c4 c6 3. Nf3 Nf6 4. Nc3 dxc4 5. a4 Bg4 6. Ne5 Bh5 7. h3 Nbd7 8. g4
Bg6 9. Nxc4 e6 10. Bg2 Bb4 11. Bg5 a5 12. Qb3 Qc7 13. Bh4 O-O 14. Bg3 Qd8 15.
Rd1 Be4 16. f3 Bd5 17. e4 b5 18. exd5 bxc4 19. Qxc4 cxd5 20. Qb3 Nb6 21. O-O
Nc4 22. Nb5 Nd2 23. Rxd2 Bxd2 24. Bd6 Re8 25. Bc7 Qd7 26. Be5 Rec8 27. Qd3 Bb4
28. f4 Be7 29. f5 exf5 30. Rxf5 Rc1+ 31. Kh2 Rd8 32. Qf3 h6 33. h4 Rf8 34. Bxf6
Bxf6 35. g5 hxg5 36. hxg5 Bd8 37. Qxd5 Bc7+ 38. Nxc7 Qxc7+ 39. Qe5 Rb8 40. g6
Qxe5+ 41. Rxe5 fxg6 42. Bd5+ Kh7 43. b3 Rd8 44. Be4 Rxd4 45. Rh5+ Kg8 46. Bxg6
Rd2+ 47. Kh3 Rh1+ 48. Kg4 Rg1+ 49. Kf5 Rf2+ 0-1

[Event "VI Open FIDE"]
[Site "Forli' ITA"]
[Date "1993.10.??"]
[Round "3"]
[White "Beggi, Pierluigi"]
[Black "De Gregorio, Massimiliano"]
[WhiteElo "2235"]
[BlackElo "2070"]
[Result "1/2-1/2"]
[PlyCount "95"]
[EventDate "1993.10.23"]

1. d4 d6 2. e4 Nf6 3. Nc3 g6 4. Bg5 c6 5. Qd2 b5 6. a3 Bg7 7. Be2 O-O 8. Nf3 a5
9. O-O Na6 10. b4 axb4 11. axb4 Bb7 12. Rab1 Nc7 13. e5 dxe5 14. Nxe5 Nfd5 15.
Nxd5 Nxd5 16. Be3 Ra3 17. Nd3 Nc3 18. Ra1 Rxa1 19. Rxa1 Bxd4 20. Bxd4 Qxd4 21.
Ra5 e5 22. Bf1 e4 23. Qf4 Nd5 24. Qe5 Qxe5 25. Nxe5 Ra8 26. c4 Nxb4 27. Rxa8+
Bxa8 28. cxb5 cxb5 29. Bxb5 Kg7 30. Kf1 Nc2 31. Bc6 Bxc6 32. Nxc6 Kf6 33. Ke2
Ke6 34. Kd2 Na3 35. Ke3 f5 36. Kf4 h6 37. h4 Kf6 38. Nb4 g5+ 39. hxg5+ hxg5+
40. Ke3 Ke5 41. g3 Nc4+ 42. Ke2 Kd6 43. Nc2 Kc5 44. Kd1 Nd6 45. Ke2 Nb5 46. Ke3
Kc4 47. g4 fxg4 48. Kxe4 1/2-1/2

[Event "VI Open FIDE"]
[Site "Forli' ITA"]
[Date "1993.10.??"]
[Round "3"]
[White "Cordara, Michele"]
[Black "Tocchioni, Doriano"]
[WhiteElo "2205"]
[BlackElo "2235"]
[Result "0-1"]
[PlyCount "100"]
[EventDate "1993.10.23"]

1. d4 c6 2. Nf3 d5 3. e3 Bf5 4. Be2 e6 5. b3 Nd7 6. Bb2 Bd6 7. Nbd2 Nh6 8. c4
Qe7 9. Rc1 O-O 10. O-O Bg6 11. Nb1 f6 12. Nc3 Rac8 13. Bd3 Bh5 14. Be2 f5 15.
g3 Nf7 16. Nd2 Bxe2 17. Qxe2 g5 18. f4 g4 19. c5 Bc7 20. b4 Rb8 21. b5 h5 22.
Nb3 Nd8 23. bxc6 Nxc6 24. Nb5 Nf6 25. Nxc7 Qxc7 26. Qb5 Ne4 27. Bc3 Rf7 28. Be1
Rh7 29. Kg2 Kf7 30. Rb1 Kg6 31. Na5 Ne7 32. Nb3 Kf6 33. Ba5 Qc8 34. Nd2 h4 35.
Nxe4+ fxe4 36. Rh1 Nf5 37. Kf2 Qh8 38. Qf1 b6 39. Bd2 hxg3+ 40. hxg3 Rxh1 41.
Qxh1 Qxh1 42. Rxh1 bxc5 43. dxc5 Rb2 44. Rd1 Rc2 45. a3 d4 46. exd4 e3+ 47. Ke1
exd2+ 48. Rxd2 Rxd2 49. Kxd2 Nxg3 50. Kd3 Nf5 0-1